Cours gradué d'arabe marocain; (Record no. 45345)

MARC details
000 -LEADER
fixed length control field 00595cam a22002291 4500
001 - CONTROL NUMBER
control field ne 62001691
003 - CONTROL NUMBER IDENTIFIER
control field DLC
005 - DATE AND TIME OF LATEST TRANSACTION
control field 20260227111738.0
008 - FIXED-LENGTH DATA ELEMENTS--GENERAL INFORMATION
fixed length control field 890331s1956 mr 000 0 fre
010 ## - LIBRARY OF CONGRESS CONTROL NUMBER
LC control number ne 62001691
035 ## - SYSTEM CONTROL NUMBER
System control number (OCoLC)23417129
040 ## - CATALOGING SOURCE
Original cataloging agency DLC
Transcribing agency MiU
Modifying agency DLC
042 ## - AUTHENTICATION CODE
Authentication code premarc
043 ## - GEOGRAPHIC AREA CODE
Geographic area code f-mr---
050 00 - LIBRARY OF CONGRESS CALL NUMBER
Classification number PJ6763
Item number .B8 1956
100 1# - MAIN ENTRY--PERSONAL NAME
Personal name Buret, M.-T.
245 00 - TITLE STATEMENT
Title Cours gradué d'arabe marocain;
250 ## - EDITION STATEMENT
Edition statement 4. éd.
260 ## - PUBLICATION, DISTRIBUTION, ETC.
Place of publication, distribution, etc. Casablanca,
Name of publisher, distributor, etc. Farairre,
Date of publication, distribution, etc. 1953 [i. e. 1956]
300 ## - PHYSICAL DESCRIPTION
Extent 119, v p.
Dimensions 25 cm.
650 #0 - SUBJECT ADDED ENTRY--TOPICAL TERM
Topical term or geographic name entry element Arabic language
General subdivision Dialects
Geographic subdivision Morocco.

No items available.

Powered by Koha